Responses for show #1989 - Thursday, April 8, 1993

David Tiemann game 3.

Contestants

Rosemary Lancos, a housewife originally from Cleveland, Ohio

John McAuliffe, an account executive from Verona, New Jersey

David Tiemann, a high school teacher from Brunswick, Maine (whose 2-day cash winnings total $22,099)

Jeopardy! Round responses

1951
SPORTS
FOOD & DRINK
SCIENCE
GUINNESS RECORDS
ESPERANTO
    $100 10
President of the United States

Rosemary
    $100 6
Martina Navratilova

David
    $100 1
tea

David
    $100 16
sugar

John
    $100 21
rollercoaster

David
    $100 26
(David: What is Spam?)

bacon

DavidJohn
    $200 12
West Point

John
    $200 7
L.A. Dodgers

Rosemary
    $200 2
scotch

John
    $200 17
eclipse

John
    $200 22
volcano

John
    $200 27
asthma

Rosemary
    $300 13
baseball

David
    $300 8
(Al & Bobby) Unsers

David
    $300 3
red

David
    $300 18
liquid oxygen

John
    $300 23
encyclopedia

Rosemary
    $300 28
Sweden

David
    $400 14
Jordan

John
    $400 9
hockey

John
    $400 4
clam juice

David
    $400 19
talc

David
    $400 24
tightrope

John
    $400 29
carburetor

Rosemary
    $500 15
Belgium

John
    $500 11
Fran Tarkenton

John
    $500 5
lemon

David
    $800 20
lactic acid

David
    $500 25
Dead Sea

John
    $500 30
Wednesday

Rosemary

Scores at the first commercial break (after clue 15):

David John Rosemary
$2,000 $2,200 $300

Scores at the end of the Jeopardy! Round:

David John Rosemary
$3,500 $4,000 $1,700

Double Jeopardy! Round responses

CHINESE HISTORY
SHAKESPEAREAN CHARACTERS
PENNSYLVANIANS
MUSICAL INSTRUMENTS
EDUCATION
NAME THAT COUNTR"Y"
(Alex: Each country will end with the letter "y."
    $200 2
yellow

David
    $200 1
jester

David
    $200 9
Grace Kelly

David
    $200 16
saxophone

David
    $200 23
parochial

Rosemary
    $200 18
Germany

Rosemary
    $400 3
Africa

Rosemary
    $400 4
Iago

Rosemary
    $400 10
Daniel Boone

John
    $400 17
mute

John
    $400 24
(John: Who is Nixon?)

(Jimmy) Carter

DavidJohn
    $400 19
Italy

David
    $600 6
Lao Tzu

David
    $600 5
Julius Caesar

John
    $1,500 11
Alexander Haig

John
    $600 30
cello

David
    $600 25
(John: What is the NEA?)

American Federation of Teachers

DavidJohn
    $600 20
Hungary

David
    $800 7
railroad

John
    $2,000 14
Gertrude

Rosemary
    $800 12
Benet

David
    $800 29
flute

Triple Stumper
    $800 26
(John: What is McGuffey's Reader?)

The New England Primer

John
Triple Stumper
    $800 21
Turkey

Rosemary
    $1000 8
Ming

David
    $1000 15
Petruchio

Rosemary
    $1000 13
(Alexander) Calder

Rosemary
    $1000 28
Alp horns

Triple Stumper
    $1000 27
Massachusetts

John
    $1000 22
Norway

John

Scores at the end of the Double Jeopardy! Round:

David John Rosemary
$9,300 $7,900 $7,700

[wagering suggestions for these scores]

Final Jeopardy! Round responses

STATE CAPITALS
RosemaryWhat is Salem?
$7,600
JohnWhat is Olympia
$7,899
DavidWhat is Boise
$6,600
Boise

Final scores:

David John Rosemary
$15,900 $1 $100
3-day champion: $37,999 3rd place: Technics digital mini component system 2nd place: trip to Boston & stay at the Royal Senesta Hotel

Game dynamics:

Coryat scores:

David John Rosemary
$9,000 $7,000 $6,500
23 R
(including 1 DD),
1 W
20 R
(including 1 DD),
3 W
14 R
(including 1 DD),
0 W

Combined Coryat: $22,500

The J! Archive is created by fans, for fans. The Jeopardy! game show and all elements thereof, including but not limited to copyright and trademark thereto, are the property of Jeopardy Productions, Inc. and are protected under law. This website is not affiliated with, sponsored by, or operated by Jeopardy Productions, Inc. Join the discussion at JBoard.tv.